| 000 | 01094 a2200229 4500 | ||
|---|---|---|---|
| 003 | Nust | ||
| 005 | 20221028114544.0 | ||
| 010 | _a 84007475 | ||
| 020 | _a0471898317 : | ||
| 040 | _cNust | ||
| 082 | 0 | 0 | _a621.317,DEW |
| 100 | 1 |
_aDewan, S. B. _9101609 |
|
| 245 | 1 | 0 |
_aPower semiconductor drives / _cS.B. Dewan, G.R. Slemon, A. Straughen. |
| 260 |
_aNew York : _bWiley, _cc1984. |
||
| 300 |
_axviii, 354 p. : _bill. ; _c24 cm. |
||
| 505 | _aVariable Speed Drive System (Page-1), Separately Excited DC Motors (Page-35), Single-Phase Rectifier with Motor Load (Page-54), Three-Phase Rectifiers With Motor Load (Page-97), Chopper Drives (Page-127), Three-Phase Induction Motor (Page-158), Speed Control by AC Power (Page-184), Speed Control by Slip-Energy Recovery (Page-199), Induction Motor with Voltage-Source (Page-220), Induction Motor with Current-Source Inverter (Page-260), Synchronous Motor Drives(Page-286). | ||
| 650 | 0 | _aElectric driving. | |
| 650 | 0 |
_aPower semiconductors. _965755 |
|
| 700 | 1 |
_aSlemon, Gordon R. _956260 |
|
| 700 | 1 |
_aStraughen, A. _9101610 |
|
| 942 |
_2ddc _cBK |
||
| 999 |
_c180138 _d180138 |
||